| 000 | 00716nam a2200217Ia 4500 | ||
|---|---|---|---|
| 003 | GCL | ||
| 008 | 140319s9999 xx 000 0 ara d | ||
| 040 |
_aGCL / _cGCL |
||
| 082 | 0 | 4 |
_a813.00964 _bن م |
| 100 | 1 | _aنجيب العوفى | |
| 245 | 1 | 0 |
_aمقاربة الواقع فى القصة القصيرة المغربية من التاسيس الى التجنيس / _cنجيب العوفى |
| 250 | _aالاولى | ||
| 260 |
_aبيروت : _bالمركز الثقافى العربى ، _c1987 |
||
| 300 |
_a704 ص ؛ _c22 سم |
||
| 490 | _a | ||
| 650 | 0 | 4 | _aالادب العربى |
| 650 | 0 | 4 | _aالمغرب |
| 650 | 0 | 4 | _aالقصة القصيرة |
| 650 | 0 | 4 | _aتاريخ ونقد |
| 942 |
_2ddc _cBK |
||
| 999 |
_c35404 _d35404 |
||